Sociology--a brief introduction / (Record no. 12652)

000 -LEADER
fixed length control field 00445pam a2200169 a 4500
020 ## - INTERNATIONAL STANDARD BOOK NUMBER
ISBN 0070572348 (acidfree paper)
040 ## - CATALOGING SOURCE
Transcribing agency DLC
082 00 - DEWEY DECIMAL CLASSIFICATION NUMBER
Classification number 301 MCG 1997 A021 Or.
100 1# - MAIN ENTRY--AUTHOR NAME
Personal name Schaefer, Richard T
245 10 - TITLE STATEMENT
Title Sociology--a brief introduction /
250 ## - EDITION STATEMENT
Edition statement 2nd ed
260 ## - PUBLICATION, DISTRIBUTION, ETC. (IMPRINT)
Place of publication New York :
Name of publisher McGraw-Hill Companies,
Year of publication c1997
300 ## - PHYSICAL DESCRIPTION
Number of Pages xix, 444 p. :
Other physical details ill. ;
Dimensions 26 cm
650 #0 - SUBJECT ADDED ENTRY--TOPICAL TERM
Topical Term Sociology
700 1# - ADDED ENTRY--PERSONAL NAME
Personal name Lamm, Robert P
942 ## - ADDED ENTRY ELEMENTS (KOHA)
Koha item type សៀវភៅភាសាអង់គ្លេស
952 ## - LOCATION AND ITEM INFORMATION (KOHA)
Withdrawn status [LOCAL, KOHA] 0
Holdings
Permanent Location Date acquired Koha item type Lost status Shelving location Barcode Current Location Full call number
Library Block A2017-08-15សៀវភៅភាសាអង់គ្លេស A021A16427Library Block A301 MCG 1997 A021 Or.
មជ្ឈមណ្ឌលឯការនៃសាកលវិទ្យាល័យភូមិន្ទកសិកម្មចំការដូង

Powered by Koha